[Event "Fomeque op"]
[Site "Fomeque"]
[Date "2023.08.19"]
[Round "2"]
[White "Restrepo Charry, Johan Sebastian"]
[Black "Salcedo, Diana"]
[Result "1/2-1/2"]
[WhiteElo "1521"]
[BlackElo "1930"]
[PlyCount "51"]
[EventDate "2023.08.19"]
[EventType "swiss"]
[EventRounds "6"]
[EventCountry "COL"]
[SourceTitle "EXT 2024"]
[Source "ChessBase"]
[SourceDate "2023.10.10"]
[SourceVersion "1"]
[SourceVersionDate "2023.10.10"]
[SourceQuality "1"]

1. e4 e5 2. Nc3 Nf6 3. f4 d5 4. fxe5 Nxe4 5. Qf3 Nxc3 6. bxc3 c5 7. Bb5+ Nc6 8. Qg3 Bf5 9. d3 Bg6 10. Nf3 Be7 11. 0-0 0-0 12. Bxc6 bxc6 13. h4 Kh8 14. Qg4 Qc8 15. Qg3 c4 16. Ng5 Bxg5 17. Qxg5 cxd3 18. h5 Be4 19. cxd3 Bxd3 20. Rf3 Be4 21. Rg3 Qe6 22. Be3 a5 23. Rf1 Rab8 24. Qf4 Rb1 25. Rgf3 Rxf1+ 26. Rxf1 1/2-1/2

[Event "COL-chT 21st"]
[Site "Cartagena"]
[Date "2019.11.30"]
[Round "8.2"]
[White "Orozco, Lina Yomayra"]
[Black "Salcedo, Diana"]
[Result "1/2-1/2"]
[WhiteElo "1962"]
[BlackElo "1889"]
[PlyCount "90"]
[EventDate "2019.11.30"]
[EventType "team-swiss"]
[EventRounds "9"]
[EventCountry "COL"]
[SourceTitle "CBM 195 Extra"]
[Source "ChessBase"]
[SourceDate "2020.05.31"]
[SourceVersion "1"]
[SourceVersionDate "2020.05.31"]
[SourceQuality "1"]
[WhiteTeam "Valle"]
[BlackTeam "Bogota"]
[WhiteTeamCountry "COL"]
[BlackTeamCountry "COL"]

1. e4 e5 2. Nf3 Nf6 3. Nxe5 d6 4. Nf3 Nxe4 5. Nc3 Nxc3 6. dxc3 Be7 7. Be3 Nd7 8. Qd2 Nc5 9. Bxc5 dxc5 10. Qxd8+ Bxd8 11. 0-0-0 0-0 12. Bc4 Bg4 13. Rd3 Bf6 14. h3 Bxf3 15. Rxf3 Rad8 16. Rd1 a6 17. Rxd8 Rxd8 18. Rd3 b5 19. Rxd8+ Bxd8 20. Bd5 Kf8 21. Kd2 Ke7 22. Bb7 a5 23. Ba6 c6 24. Bc8 Kd6 25. b3 Bf6 26. Kd3 Be5 27. a4 g6 28. Bg4 h5 29. Be2 h4 30. Bf3 g5 31. Be4 Bf4 32. Bf5 Be5 33. Be4 Bh2 34. Bf5 Bg1 35. Ke2 Bh2 36. Kd3 Bg1 37. Ke2 Bh2 38. Bc8 c4 39. Ba6 cxb3 40. cxb3 Kc5 41. Kd3 Bg1 42. Ke2 Bh2 43. Kd3 Bg1 44. Ke2 Bh2 45. Kd3 Bg1 1/2-1/2

[Event "COL-chT 21st"]
[Site "Cartagena"]
[Date "2019.11.30"]
[Round "6.2"]
[White "Salcedo, Diana"]
[Black "Ramirez, Heimy Polgar"]
[Result "0-1"]
[WhiteElo "1889"]
[BlackElo "1991"]
[PlyCount "156"]
[EventDate "2019.11.30"]
[EventType "team-swiss"]
[EventRounds "9"]
[EventCountry "COL"]
[SourceTitle "CBM 195 Extra"]
[Source "ChessBase"]
[SourceDate "2020.05.31"]
[SourceVersion "1"]
[SourceVersionDate "2020.05.31"]
[SourceQuality "1"]
[WhiteTeam "Bogota"]
[BlackTeam "Cudinamarca"]
[WhiteTeamCountry "COL"]
[BlackTeamCountry "COL"]

1. c4 c5 2. Nf3 Nc6 3. d4 cxd4 4. Nxd4 Nf6 5. Nc3 g6 6. e4 Bg7 7. Be3 d6 8. Be2 0-0 9. 0-0 Bd7 10. f3 Nxd4 11. Bxd4 Bc6 12. Qd2 a5 13. Rac1 Nd7 14. Rfd1 Bxd4+ 15. Qxd4 Qb6 16. Qxb6 Nxb6 17. Nd5 Bxd5 18. cxd5 Rfc8 19. Kf2 Nd7 20. a3 Nc5 21. Rc3 Na4 22. Rxc8+ Rxc8 23. Rd2 Rc1 24. Bb5 Nc5 25. b4 axb4 26. axb4 Nb3 27. Ra2 Nd4 28. Bd7 Rc7 29. Ba4 b5 30. Bd1 e5 31. dxe6 fxe6 32. f4 e5 33. g3 Kg7 34. Ke3 Rc3+ 35. Kf2 Rc4 36. Rb2 Nc6 37. Be2 Rxb4 38. Rxb4 Nxb4 39. Bxb5 Kf6 40. Kf3 Nc2 41. Bd3 Nd4+ 42. Ke3 h6 43. fxe5+ dxe5 44. Bc4 Nc6 45. Bd5 Nb4 46. Bb3 Nc6 47. Bd5 Nd4 48. Bc4 Kg5 49. Bf7 Kf6 50. Bc4 h5 51. Bd5 Nc2+ 52. Kd2 Nd4 53. Ke3 Kg5 54. Bf7 Nc2+ 55. Kd2 Nd4 56. Ke3 Nc6 57. Kd3 Kf6 58. Bc4 Kg5 59. Bb5 Nd4 60. Bd7 Nf3 61. h3 Kf6 62. Kc4 Nh2 63. Kd5 Nf1 64. g4 h4 65. Bc8 Ne3+ 66. Kd6 Ng2 67. Kd5 Nf4+ 68. Kc4 Nxh3 69. Kd3 Nf4+ 70. Ke3 Kg5 71. Kf3 Nd3 72. Bd7 Nf4 73. Bc8 Nd3 74. Bd7 Nc5 75. Bc8 Nb3 76. Bd7 Nd4+ 77. Kg2 Kf4 78. Kh3 g5 0-1

[Event "COL-chT Interligas (Women)"]
[Site "Palmira"]
[Date "2019.04.27"]
[Round "2.2"]
[White "Salcedo, Diana"]
[Black "Villamizar Pereira, Andrea Camil"]
[Result "1-0"]
[WhiteElo "2024"]
[BlackElo "1669"]
[PlyCount "67"]
[EventDate "2019.04.27"]
[EventType "team-swiss"]
[EventRounds "6"]
[EventCountry "COL"]
[SourceTitle "CBM 190 Extra"]
[Source "ChessBase"]
[SourceDate "2019.07.15"]
[SourceVersion "1"]
[SourceVersionDate "2019.07.15"]
[SourceQuality "1"]
[WhiteTeam "Bogota (W)"]
[BlackTeam "Santander (W)"]
[WhiteTeamCountry "COL"]
[BlackTeamCountry "COL"]

1. c4 Nf6 2. Nc3 c6 3. g3 d5 4. cxd5 cxd5 5. d4 Nc6 6. Bg2 e6 7. Bg5 Be7 8. Nf3 a6 9. 0-0 0-0 10. Rc1 Re8 11. Na4 Ne4 12. Bxe7 Rxe7 13. Ne1 Nd6 14. e3 Bd7 15. Nd3 Na5 16. Nac5 Bb5 17. Re1 b6 18. Na4 Rc7 19. Nc3 Bxd3 20. Qxd3 Nc6 21. b3 b5 22. Ne2 Rac8 23. Qd2 Ne7 24. Nf4 Rxc1 25. Rxc1 Rxc1+ 26. Qxc1 Qc8 27. Qc5 Qb8 28. Nd3 Ng6 29. Nb4 Nf5 30. Nxa6 Qb7 31. Nb4 h5 32. Bf1 Qe7 33. Qxe7 Ngxe7 34. Bxb5 1-0

[Event "COL pre olympic sf (Women)"]
[Site "Bogota"]
[Date "2016.05.30"]
[Round "9"]
[White "Velez Alvarez, Laura Camila"]
[Black "Salcedo, Diana"]
[Result "1-0"]
[WhiteElo "1821"]
[BlackElo "2058"]
[PlyCount "63"]
[EventDate "2016.05.25"]
[EventType "swiss"]
[EventRounds "9"]
[EventCountry "COL"]
[SourceTitle "CBM 172 Extra"]
[Source "ChessBase"]
[SourceDate "2016.06.21"]
[SourceVersion "1"]
[SourceVersionDate "2016.06.21"]
[SourceQuality "1"]

1. d4 d5 2. Nf3 Nf6 3. e3 Bf5 4. Bd3 Bg6 5. 0-0 e6 6. b3 Bd6 7. Bb2 0-0 8. Nbd2 Nbd7 9. Qe2 Ne4 10. Ne5 Nxd2 11. Qxd2 Bxe5 12. dxe5 c5 13. Be2 Qc7 14. f4 Rad8 15. g4 Be4 16. Bf3 Bxf3 17. Rxf3 c4 18. Ba3 Nc5 19. Bxc5 Qxc5 20. Qd4 Qxd4 21. exd4 cxb3 22. axb3 Rc8 23. c3 Rc6 24. Kf2 a6 25. Ke2 Rb6 26. Ra3 Rc8 27. Kd2 Kf8 28. f5 exf5 29. gxf5 Rh6 30. h3 Ke7 31. Ra5 Rd8 32. Kd3 1-0

[Event "COL pre olympic sf (Women)"]
[Site "Bogota"]
[Date "2016.05.28"]
[Round "6"]
[White "Salcedo, Diana"]
[Black "Argote Heredia, Valentina"]
[Result "0-1"]
[WhiteElo "2058"]
[BlackElo "2021"]
[PlyCount "50"]
[EventDate "2016.05.25"]
[EventType "swiss"]
[EventRounds "9"]
[EventCountry "COL"]
[SourceTitle "CBM 172 Extra"]
[Source "ChessBase"]
[SourceDate "2016.06.21"]
[SourceVersion "1"]
[SourceVersionDate "2016.06.21"]
[SourceQuality "1"]

1. c4 e5 2. Nc3 Nf6 3. g3 Nc6 4. Bg2 Bb4 5. e3 Bxc3 6. bxc3 e4 7. f3 Qe7 8. Qc2 Qc5 9. fxe4 Qxc4 10. Qb3 Qa6 11. d4 Na5 12. Qc2 d6 13. Ne2 Bd7 14. 0-0 Bb5 15. Re1 Bd3 16. Qa4+ b5 17. Qb4 Nc6 18. Qb3 Bxe4 19. Bxe4 Nxe4 20. Nf4 0-0 21. Nd5 Rac8 22. Rb1 Ng5 23. Kg2 Rb8 24. e4 Ne6 25. Ne3 Na5 0-1

[Event "COL pre olympic sf (Women)"]
[Site "Bogota"]
[Date "2016.05.27"]
[Round "4"]
[White "Salcedo, Diana"]
[Black "Sandoval Fuquen, Janneth Katherin"]
[Result "1-0"]
[WhiteElo "2058"]
[BlackElo "1689"]
[PlyCount "77"]
[EventDate "2016.05.25"]
[EventType "swiss"]
[EventRounds "9"]
[EventCountry "COL"]
[SourceTitle "CBM 172 Extra"]
[Source "ChessBase"]
[SourceDate "2016.06.21"]
[SourceVersion "1"]
[SourceVersionDate "2016.06.21"]
[SourceQuality "1"]

1. c4 Nf6 2. Nc3 g6 3. e4 d6 4. d4 Bg7 5. f4 0-0 6. Nf3 b6 7. Be2 Bb7 8. Qc2 Nfd7 9. 0-0 e5 10. fxe5 dxe5 11. d5 Nc5 12. Be3 Nbd7 13. Rad1 Qe7 14. Nb5 Nf6 15. Bg5 h6 16. Bxf6 Bxf6 17. Nd2 Bg7 18. b4 a6 19. Nxc7 Qxc7 20. bxc5 Qxc5+ 21. Kh1 Rac8 22. Rb1 Rfd8 23. Qb3 Rd6 24. Qb4 Qc7 25. Rfc1 Ba8 26. Bg4 Rcd8 27. c5 bxc5 28. Rxc5 Qe7 29. Rc8 Rxc8 30. Bxc8 Bf8 31. Nc4 Rf6 32. Qxe7 Bxe7 33. g3 Rf2 34. Rb8 Bxd5 35. exd5 Rxa2 36. d6 Bf6 37. d7 Kg7 38. Nxe5 Ra5 39. Nc6 1-0

[Event "COL pre olympic sf (Women)"]
[Site "Bogota"]
[Date "2016.05.26"]
[Round "3"]
[White "Vargas, Diana Paola"]
[Black "Salcedo, Diana"]
[Result "0-1"]
[WhiteElo "1721"]
[BlackElo "2058"]
[PlyCount "66"]
[EventDate "2016.05.25"]
[EventType "swiss"]
[EventRounds "9"]
[EventCountry "COL"]
[SourceTitle "CBM 172 Extra"]
[Source "ChessBase"]
[SourceDate "2016.06.21"]
[SourceVersion "1"]
[SourceVersionDate "2016.06.21"]
[SourceQuality "1"]

1. d4 d5 2. Nc3 Nf6 3. Bg5 Bf5 4. Bxf6 gxf6 5. f3 Nc6 6. e4 dxe4 7. fxe4 Bg6 8. Bb5 a6 9. Bxc6+ bxc6 10. Nf3 Qd6 11. 0-0 Bg7 12. Qe2 0-0 13. e5 Qb4 14. Nd1 fxe5 15. c3 Qd6 16. Nxe5 Bxe5 17. dxe5 Qd5 18. Nf2 Rfd8 19. Rfd1 Qe6 20. a3 Rd5 21. Rxd5 cxd5 22. Re1 Rb8 23. b4 Qc6 24. Qd2 Qc4 25. a4 d4 26. cxd4 Rxb4 27. Rc1 Qxd4 28. Qxd4 Rxd4 29. Rxc7 Rxa4 30. Nh3 e6 31. Ra7 h6 32. g3 Ra2 33. Nf4 Be4 0-1

[Event "Antioquia-ch (Women)"]
[Site "Bagre Antioquia"]
[Date "2014.04.27"]
[Round "7"]
[White "Salcedo, Diana"]
[Black "Mercado, Luisa Fernanda"]
[Result "1-0"]
[WhiteElo "1991"]
[BlackElo "1986"]
[PlyCount "85"]
[EventDate "2014.04.23"]
[EventType "tourn"]
[EventRounds "11"]
[EventCountry "COL"]
[SourceTitle "CBM 160 Extra"]
[Source "ChessBase"]
[SourceDate "2014.07.01"]
[SourceVersion "1"]
[SourceVersionDate "2014.07.01"]
[SourceQuality "1"]

1. c4 c6 2. d4 d5 3. cxd5 cxd5 4. Nc3 Nf6 5. Nf3 Nc6 6. Bf4 Bf5 7. e3 e6 8. Bb5 Nd7 9. Qa4 Qb6 10. Nh4 Bg4 11. e4 Bb4 12. exd5 exd5 13. 0-0 Bxc3 14. bxc3 0-0 15. h3 Be6 16. Nf3 a6 17. Bxc6 Qxc6 18. Qxc6 bxc6 19. Rab1 Ra7 20. Ne5 Nxe5 21. Bxe5 f6 22. Bg3 Rc8 23. Rb6 Bf5 24. Bd6 Bd3 25. Re1 Rd7 26. Bc5 Kf7 27. a4 Rcc7 28. Re3 Bc4 29. g4 Rb7 30. Rxc6 Rb1+ 31. Kg2 Ra1 32. h4 g6 33. Ree6 Kg7 34. Rxf6 Rf7 35. g5 Rxa4 36. Rxf7+ Kxf7 37. Rf6+ Ke8 38. Rf8+ Kd7 39. Rf7+ Ke6 40. Rxh7 Kf5 41. Kf3 Ra2 42. Rf7+ Ke6 43. Re7+ 1-0

[Event "Antioquia-ch (Women)"]
[Site "Bagre Antioquia"]
[Date "2014.04.26"]
[Round "6"]
[White "Franco Valencia, Beatriz Irene"]
[Black "Salcedo, Diana"]
[Result "1/2-1/2"]
[WhiteElo "2211"]
[BlackElo "1991"]
[PlyCount "114"]
[EventDate "2014.04.23"]
[EventType "tourn"]
[EventRounds "11"]
[EventCountry "COL"]
[SourceTitle "CBM 160 Extra"]
[Source "ChessBase"]
[SourceDate "2014.07.01"]
[SourceVersion "1"]
[SourceVersionDate "2014.07.01"]
[SourceQuality "1"]

1. d4 d5 2. c4 e6 3. Nc3 c5 4. cxd5 cxd4 5. Qa4+ Bd7 6. Qxd4 exd5 7. Qxd5 Nc6 8. Nf3 Nf6 9. Qd3 Nb4 10. Qb1 Bc5 11. e3 Qe7 12. a3 Nc6 13. b4 Bd6 14. Be2 h6 15. Bb2 Rc8 16. Qd3 Ne5 17. Nxe5 Bxe5 18. Bf3 a6 19. Qd2 Bxc3 20. Bxc3 Ne4 21. Bxe4 Qxe4 22. f3 Qg6 23. 0-0 Bb5 24. Rfd1 0-0 25. Qb2 Rfd8 26. Rac1 Ba4 27. Rxd8+ Rxd8 28. Bd4 Bc6 29. e4 Qg5 30. Re1 f5 31. Be3 Qg6 32. exf5 Qxf5 33. Bd4 Qd7 34. Bc3 Re8 35. Rxe8+ Qxe8 36. Kf2 Qe7 37. Be5 Qh4+ 38. Bg3 Qc4 39. Be5 Qh4+ 40. Bg3 Qc4 41. Qd2 Bb5 42. Be5 Qd3 43. Qxd3 Bxd3 44. Ke3 Bf1 45. g3 Bb5 46. f4 Bd7 47. Kd4 Kf7 48. Kd5 g6 49. Kd6 Bc6 50. g4 h5 51. gxh5 gxh5 52. h4 Be4 53. Bd4 Bc6 54. f5 Be4 55. Kc7 Bc6 56. Kb6 Ke7 57. Be5 Kf7 1/2-1/2

[Event "Antioquia-ch (Women)"]
[Site "Bagre Antioquia"]
[Date "2014.04.26"]
[Round "5"]
[White "Salcedo, Diana"]
[Black "Herrera, Milena"]
[Result "1-0"]
[WhiteElo "1991"]
[BlackElo "2150"]
[PlyCount "93"]
[EventDate "2014.04.23"]
[EventType "tourn"]
[EventRounds "11"]
[EventCountry "COL"]
[SourceTitle "CBM 160 Extra"]
[Source "ChessBase"]
[SourceDate "2014.07.01"]
[SourceVersion "1"]
[SourceVersionDate "2014.07.01"]
[SourceQuality "1"]

1. c4 Nf6 2. Nc3 c5 3. Nf3 e6 4. d4 cxd4 5. Nxd4 a6 6. e4 Qc7 7. Be2 b6 8. 0-0 Bb7 9. f3 Bd6 10. g3 Bxg3 11. hxg3 Qxg3+ 12. Kh1 Nh5 13. f4 Qh3+ 14. Kg1 Ng3 15. Bf3 Nxf1 16. Qxf1 Qg3+ 17. Qg2 Qxg2+ 18. Kxg2 Nc6 19. Be3 e5 20. Nf5 0-0 21. Nd6 Rab8 22. f5 Nd4 23. Rd1 Nxf3 24. Kxf3 f6 25. a4 a5 26. Ne2 g5 27. Ng3 Bc6 28. b3 h6 29. Kg4 Kg7 30. Kh5 Rh8 31. Ne2 Rhg8 32. Ng1 Rh8 33. Nf3 Rhg8 34. Nh2 Rh8 35. Ng4 Rhf8 36. Bc1 Ba8 37. Ba3 Bc6 38. Nb5 Bxe4 39. Bxf8+ Rxf8 40. Rxd7+ Kh8 41. Nd6 Bc6 42. Rc7 Bf3 43. Nf7+ Kg7 44. Nxg5+ Kh8 45. Nxf3 e4 46. Nh4 Rd8 47. Ng6+ 1-0

[Event "Antioquia-ch (Women)"]
[Site "Bagre Antioquia"]
[Date "2014.04.24"]
[Round "3"]
[White "Salcedo, Diana"]
[Black "Franco Valencia, Angela Maria"]
[Result "1/2-1/2"]
[WhiteElo "1991"]
[BlackElo "2173"]
[PlyCount "62"]
[EventDate "2014.04.23"]
[EventType "tourn"]
[EventRounds "11"]
[EventCountry "COL"]
[SourceTitle "CBM 160 Extra"]
[Source "ChessBase"]
[SourceDate "2014.07.01"]
[SourceVersion "1"]
[SourceVersionDate "2014.07.01"]
[SourceQuality "1"]

1. c4 e5 2. Nc3 d6 3. Nf3 f5 4. d3 Nf6 5. g3 Be7 6. Bg2 c6 7. 0-0 Na6 8. Rb1 Nc7 9. b4 0-0 10. b5 Bd7 11. a4 Kh8 12. Qb3 Ne6 13. Ba3 e4 14. dxe4 fxe4 15. Ne1 Ng5 16. Nc2 Nh3+ 17. Kh1 Qe8 18. Rbd1 Qh5 19. f3 Qe5 20. f4 Qh5 21. Nxe4 Ng4 22. Bf3 Qh6 23. Bxd6 Bf5 24. Bxe7 Bxe4 25. Rd6 Nhf2+ 26. Rxf2 Nxf2+ 27. Kg2 Qh3+ 28. Kxf2 Qxh2+ 29. Kf1 Qh3+ 30. Kf2 Qh2+ 31. Kf1 Qh3+ 1/2-1/2

[Event "Bogota district-ch (Women)"]
[Site "Bogota"]
[Date "2014.03.30"]
[Round "5.1"]
[White "Salcedo, Diana"]
[Black "Benavides Moncayo, Olga"]
[Result "0-1"]
[WhiteElo "1991"]
[BlackElo "1883"]
[PlyCount "118"]
[EventDate "2014.03.28"]
[EventType "tourn"]
[EventRounds "5"]
[EventCountry "COL"]
[SourceTitle "EXT 2015"]
[Source "ChessBase"]
[SourceDate "2014.11.20"]
[SourceVersion "1"]
[SourceVersionDate "2014.11.20"]
[SourceQuality "1"]

1. c4 Nf6 2. Nc3 g6 3. e4 d6 4. d4 Bg7 5. f4 0-0 6. Nf3 c5 7. d5 Bg4 8. Be2 Na6 9. 0-0 Nc7 10. Be3 a6 11. a4 Rb8 12. Qc2 Bd7 13. Kh1 b5 14. axb5 axb5 15. Bg1 b4 16. Nd1 Ra8 17. Nf2 Nh5 18. Nd3 Qe8 19. e5 Bf5 20. Nh4 Bxd3 21. Qxd3 Rxa1 22. Rxa1 Nxf4 23. Qd2 Bxe5 24. Bd1 e6 25. Be3 exd5 26. Ba4 Qe7 27. Bxf4 Qxh4 28. Bxe5 dxe5 29. cxd5 Qd4 30. Rd1 Nxd5 31. Qc2 Ne3 32. Rxd4 Nxc2 33. Rc4 Ne3 34. Rxc5 Ra8 35. b3 Rd8 36. Kg1 Rd2 37. Rb5 Nd5 38. Rb8+ Kg7 39. Bc6 Ne7 40. Be8 Rd4 41. Rb7 Kf6 42. Rb6+ Kf5 43. Bxf7 Ke4 44. Bc4 Nd5 45. Rb5 Ne3 46. Rxb4 Nxc4 47. bxc4 Kd3 48. Rb7 Rxc4 49. Rxh7 Ke2 50. g3 e4 51. Rg7 Rc6 52. Re7 e3 53. Kg2 Rf6 54. g4 Kd2 55. Rd7+ Ke1 56. Re7 e2 57. h4 Rf2+ 58. Kg3 Kf1 59. h5 g5 0-1

[Event "Bogota district-ch (Women)"]
[Site "Bogota"]
[Date "2014.03.28"]
[Round "1.2"]
[White "Fraile Vela, Maria Isabel"]
[Black "Salcedo, Diana"]
[Result "0-1"]
[WhiteElo "1721"]
[BlackElo "1991"]
[PlyCount "100"]
[EventDate "2014.03.28"]
[EventType "tourn"]
[EventRounds "5"]
[EventCountry "COL"]
[SourceTitle "EXT 2015"]
[Source "ChessBase"]
[SourceDate "2014.11.20"]
[SourceVersion "1"]
[SourceVersionDate "2014.11.20"]
[SourceQuality "1"]

1. e4 d5 2. exd5 Qxd5 3. Nc3 Qd6 4. Nf3 Nf6 5. d4 a6 6. Bc4 b5 7. Bb3 Bb7 8. g3 Nbd7 9. Bf4 Qb6 10. Rf1 e6 11. Qe2 Bb4 12. Bd2 0-0 13. 0-0-0 Bxf3 14. Qxf3 Qxd4 15. Be3 Qe5 16. Bd4 Qg5+ 17. Be3 Qg6 18. Bd2 c5 19. a3 Ba5 20. Ba2 Rfd8 21. Bb1 Ne5 22. Qe2 Nc4 23. Be1 Rac8 24. Rxd8+ Rxd8 25. Ba2 Nd6 26. Nb1 Bxe1 27. Rxe1 Nf5 28. c3 c4 29. Nd2 Ne7 30. Bb1 Qg5 31. f4 Qd5 32. Nf3 Nc6 33. h3 Qc5 34. Ne5 Nxe5 35. fxe5 Nd5 36. Rd1 Qe7 37. h4 a5 38. Qe4 g6 39. Bc2 Qc5 40. h5 Rc8 41. Kb1 Ne3 42. Rh1 Nxc2 43. Qxc2 Qxe5 44. hxg6 hxg6 45. Qh2 Rd8 46. Qh7+ Kf8 47. Qh4 Rd3 48. Qh6+ Ke8 49. Qh7 Ke7 50. Qh4+ g5 0-1

[Event "COL-ch sf (Women)"]
[Site "Medellin"]
[Date "2014.??.??"]
[Round "3"]
[White "Rivera, Ingris"]
[Black "Salcedo, Diana"]
[Result "1-0"]
[WhiteElo "2188"]
[BlackElo "1991"]
[PlyCount "113"]
[EventDate "2014.04.15"]
[EventType "swiss"]
[EventRounds "9"]
[EventCountry "COL"]
[SourceTitle "CBM 160 Extra"]
[Source "ChessBase"]
[SourceDate "2014.07.01"]
[SourceVersion "1"]
[SourceVersionDate "2014.07.01"]
[SourceQuality "1"]

1. d4 d5 2. c4 e6 3. Nc3 c5 4. cxd5 cxd4 5. Qxd4 Nc6 6. Qa4 exd5 7. e3 Nf6 8. Nf3 Bc5 9. Be2 0-0 10. 0-0 Qe7 11. Rd1 Rd8 12. a3 h6 13. h3 Be6 14. b4 Bb6 15. Nb5 a5 16. bxa5 Nxa5 17. Nfd4 Ne4 18. Qb4 Qh4 19. Qe1 Nc4 20. f3 Qxe1+ 21. Rxe1 Ned6 22. Nxd6 Rxd6 23. Bxc4 Bxd4 24. exd4 dxc4 25. Rb1 Rxd4 26. Rxb7 Rc8 27. Rb4 Rd3 28. Kf2 c3 29. a4 c2 30. a5 Bc4 31. Rb6 Ra8 32. Rc6 Bb3 33. a6 Ba4 34. Rb6 Kh7 35. Re4 Bd7 36. Rc4 Bf5 37. Rxc2 Rxf3+ 38. gxf3 Bxc2 39. Rd6 Bf5 40. h4 Be6 41. Be3 g6 42. a7 h5 43. Bb6 Bc8 44. Rd8 Kg7 45. Bc7 Bb7 46. Bb8 Kf6 47. Ke3 g5 48. Rd6+ Kf5 49. Rh6 gxh4 50. Rxh5+ Ke6 51. Rxh4 Kd7 52. Rf4 Bd5 53. Kd4 Be6 54. Kc5 Bb3 55. Rd4+ Ke6 56. Kb6 Ke7 57. Kb7 1-0

[Event "COL-ch sf (Women)"]
[Site "Medellin"]
[Date "2014.??.??"]
[Round "8"]
[White "Salcedo, Diana"]
[Black "Munoz Monroy, Cinthya Carolina"]
[Result "1-0"]
[WhiteElo "1991"]
[BlackElo "1895"]
[PlyCount "125"]
[EventDate "2014.04.15"]
[EventType "swiss"]
[EventRounds "9"]
[EventCountry "COL"]
[SourceTitle "CBM 160 Extra"]
[Source "ChessBase"]
[SourceDate "2014.07.01"]
[SourceVersion "1"]
[SourceVersionDate "2014.07.01"]
[SourceQuality "1"]

1. c4 f5 2. Nc3 Nf6 3. d4 g6 4. g3 Bg7 5. Bg2 0-0 6. Bg5 d6 7. e3 Nc6 8. Nge2 Ne4 9. Nxe4 fxe4 10. h4 Bf5 11. Nc3 h6 12. g4 Be6 13. d5 Ne5 14. dxe6 Nd3+ 15. Kf1 Nxf2 16. Qc2 Nxh1+ 17. Bf4 g5 18. Bxh1 gxf4 19. Bxe4 fxe3+ 20. Kg1 Rf4 21. Bf5 Rxc4 22. Rf1 Kh8 23. Qd3 d5 24. Kg2 Qd6 25. Qxe3 d4 26. Qd3 Qc6+ 27. Ne4 Rc2+ 28. Rf2 Rxf2+ 29. Kxf2 Qc1 30. Qd2 Qxd2+ 31. Nxd2 Rf8 32. Nf3 h5 33. Ng5 Rf6 34. Ne4 Rf8 35. Ng5 Rf6 36. Ne4 hxg4 37. Nxf6 Bxf6 38. Kg3 Kg7 39. b3 Kh6 40. Kxg4 c5 41. Bd3 a6 42. a4 Be5 43. h5 Bf6 44. Be2 Be5 45. Kf5 Bd6 46. Ke4 Kg5 47. Kd5 Kf5 48. Bf3 b5 49. axb5 axb5 50. Be2 b4 51. Bf3 Kf4 52. h6 Be5 53. Be4 Bf6 54. Bg6 Kg5 55. Bd3 Kf4 56. Kxc5 Ke5 57. Kxb4 Kxe6 58. Kc5 Ke5 59. b4 Kf4 60. b5 Kg5 61. h7 Kh6 62. Kd5 e5 63. b6 1-0

[Event "Bogota McGregor op 4th"]
[Site "Bogota"]
[Date "2013.12.07"]
[Round "6"]
[White "Cifuentes, John Jairo"]
[Black "Salcedo, Diana"]
[Result "1-0"]
[WhiteElo "2156"]
[BlackElo "1994"]
[PlyCount "65"]
[EventDate "2013.12.04"]
[EventType "swiss"]
[EventRounds "9"]
[EventCountry "COL"]
[SourceTitle "CBM 157 Extra"]
[Source "ChessBase"]
[SourceDate "2013.12.19"]
[SourceVersion "1"]
[SourceVersionDate "2013.12.19"]
[SourceQuality "1"]

1. Nf3 d5 2. d4 Nf6 3. c4 e6 4. Nc3 c5 5. cxd5 Nxd5 6. e4 Nxc3 7. bxc3 cxd4 8. cxd4 Bb4+ 9. Bd2 Bxd2+ 10. Qxd2 0-0 11. Bd3 b6 12. h4 Bb7 13. Rd1 Nd7 14. Rh3 Qe7 15. Kf1 e5 16. d5 Nc5 17. Kg1 Rfd8 18. Qb2 f6 19. Bc4 Qd6 20. Qe2 a6 21. h5 b5 22. Bb3 Bc8 23. Rg3 Bd7 24. Qe3 Rac8 25. Nh4 Kh8 26. Qf3 Nxb3 27. axb3 b4 28. Rd3 Rc1+ 29. Kh2 Rdc8 30. Ng6+ Kg8 31. h6 f5 32. Ne7+ Kf8 33. Nxf5 1-0

[Event "COL-ch (Women)"]
[Site "Ibague"]
[Date "2013.07.03"]
[Round "5"]
[White "Perez, Laura"]
[Black "Salcedo, Diana"]
[Result "1/2-1/2"]
[WhiteElo "1982"]
[BlackElo "1997"]
[PlyCount "35"]
[EventDate "2013.07.01"]
[EventType "swiss"]
[EventRounds "9"]
[EventCountry "COL"]
[SourceTitle "EXT 2014"]
[Source "ChessBase"]
[SourceDate "2013.11.20"]
[SourceVersion "1"]
[SourceVersionDate "2013.11.20"]
[SourceQuality "1"]

1. e4 e5 2. Nf3 Nf6 3. Nxe5 d6 4. Nf3 Nxe4 5. d4 d5 6. h3 Bb4+ 7. Nbd2 Bxd2+ 8. Bxd2 Nxd2 9. Qxd2 Qe7+ 10. Qe2 Qxe2+ 11. Bxe2 Nc6 12. Bb5 Bd7 13. 0-0-0 0-0 14. Bxc6 Bxc6 15. Rhe1 Rfe8 16. Rxe8+ Rxe8 17. Re1 Rxe1+ 18. Nxe1 1/2-1/2

[Event "COL-ch (Women)"]
[Site "Ibague"]
[Date "2013.07.02"]
[Round "2"]
[White "Salcedo, Diana"]
[Black "Valencia Lopez, Daily Vanessa"]
[Result "1-0"]
[WhiteElo "1997"]
[BlackElo "1607"]
[PlyCount "45"]
[EventDate "2013.07.01"]
[EventType "swiss"]
[EventRounds "9"]
[EventCountry "COL"]
[SourceTitle "EXT 2014"]
[Source "ChessBase"]
[SourceDate "2013.11.20"]
[SourceVersion "1"]
[SourceVersionDate "2013.11.20"]
[SourceQuality "1"]

1. c4 e6 2. Nc3 d5 3. d4 Nf6 4. e3 Be7 5. Nf3 0-0 6. Bd3 a6 7. 0-0 dxc4 8. Bxc4 b5 9. Bd3 c5 10. Qe2 Bb7 11. Rd1 Qc7 12. e4 Rd8 13. Bc2 Nbd7 14. Bg5 Nb6 15. Rac1 b4 16. Nb1 h6 17. Bh4 Rac8 18. dxc5 Qxc5 19. Rxd8+ Bxd8 20. e5 Ne4 21. Bxd8 Rxd8 22. Nbd2 Kf8 23. Nxe4 1-0

[Event "Bogota McGregor op 3rd"]
[Site "Bogota"]
[Date "2012.12.15"]
[Round "6"]
[White "Salcedo, Diana"]
[Black "Espinoza Palomino, Willyam"]
[Result "1/2-1/2"]
[WhiteElo "2009"]
[BlackElo "2288"]
[PlyCount "105"]
[EventDate "2012.12.12"]
[EventType "swiss"]
[EventRounds "9"]
[EventCountry "COL"]
[SourceTitle "EXT 2014"]
[Source "ChessBase"]
[SourceDate "2013.11.20"]
[SourceVersion "1"]
[SourceVersionDate "2013.11.20"]
[SourceQuality "1"]

1. c4 Nf6 2. Nc3 e5 3. Nf3 Nc6 4. d4 exd4 5. Nxd4 Bb4 6. Bg5 h6 7. Bh4 0-0 8. e3 Bxc3+ 9. bxc3 Ne5 10. Be2 Ng6 11. Bg3 Ne4 12. Qc2 Nxg3 13. hxg3 d6 14. Rb1 Ne5 15. Nf3 Re8 16. Qd2 Nd7 17. 0-0 Nc5 18. Nd4 Be6 19. Nxe6 Rxe6 20. Bf3 c6 21. Rfd1 Qa5 22. Qc2 Rd8 23. Rd4 Rf6 24. Rf4 Re6 25. Bg4 Re7 26. Rd1 Qa4 27. Qb1 Qa3 28. Rfd4 Na4 29. Qb4 Qxb4 30. cxb4 Nc3 31. R1d2 Ne4 32. Rd1 Nf6 33. Bf3 Red7 34. Kf1 Kf8 35. a4 Ke7 36. a5 Rc8 37. Bg4 Nxg4 38. Rxg4 g6 39. Ke2 Kd8 40. Rh4 h5 41. g4 hxg4 42. Rxg4 Kc7 43. Rh4 Re8 44. Kf3 Re5 45. Rd2 Rde7 46. Rhd4 R5e6 47. c5 d5 48. Rf4 Re5 49. Rdd4 b6 50. axb6+ axb6 51. Rf6 R5e6 52. Rdf4 Rxf6 53. Rxf6 1/2-1/2